Automotive Superlatives Quiz Stats

 Plays Quiz not verified by Sporcle

Challenge
Share
Tweet
Embed
Score 0/51 Timer 10:00
0 Plays Today
Car-Related Stuff Car % Correct
Tallest Current Production SUVFord Expedition, Lincoln Navigator
87.8%
Most Powerful Diesel Engine, Naturally Aspirated1992 Ford F-250/F-350
83.7%
Highest Torque, N/A Diesel1988-1994 Ford F-250/F-350
83.7%
Longest Production SUV1999-2005 Ford Excursion
81.6%
Tallest Production SUV1999-2005 Ford Excursion
81.6%
Longest Production Pickup Truck2015 Ford F650/750 Diesel
79.6%
Longest Current Production SUV2015 Chevrolet Suburban
77.6%
Widest Pickup TruckDodge Ram 3500 DRW
75.5%
Highest Torque, Forced Induction Diesel2014 Dodge Ram 3500
75.5%
Largest Engine, Current Production Car2013 Dodge Viper
71.4%
Highest Torque, N/A Petrol2012 onw. Dodge Viper
71.4%
Highest Torque, Electric Motor2015 Tesla Model S P90D
65.3%
Most Expensive Car Sold At Auction1962 Ferrari 250 GTO
65.3%
Shortest Current Production Carsmart Fortwo
61.2%
Most Powerful Petrol Engine, Naturally Aspirated2013 Ferrari LaFerrari
61.2%
Heaviest Production Coupé1934-1937 Cadillac V-16
57.1%
Widest Current Production Car2011 Lamborghini Aventador
51%
Highest kW/HP per liter, Forced Induction Diesel2012 BMW M550d
51%
Shortest Production Car1962-1965 Peel P50
49%
Narrowest Production Car1962-1965 Peel P50
49%
Lightest Production Car1962-1965 Peel P50
49%
Smallest Engine, Production Car1962-1965 Peel P50
49%
Highest kW/HP per liter, N/A RotaryMazda RX-8
49%
Widest SUV1992-2006 HUMMER H1
46.9%
Heaviest Current Production SUVLincoln Navigator L 4X4
46.9%
Heaviest Production SUV2006 HUMMER H1 Alpha Wagon
46.9%
Car-Related Stuff Car % Correct
Highest kW/HP per liter, Forced Induction RotaryMazda RX-7
46.9%
Tallest Current Production CarRolls Royce Phantom (Extended Wheelbase)
44.9%
Heaviest Current Production CarRolls Royce Phantom (Extended Wheelbase)
44.9%
Heaviest Production Car1938-1943 Mercedes-Benz 770 W150
42.9%
Highest kW/HP per liter, N/A Diesel1993 Mercedes-Benz E 300 Diesel
42.9%
Most Powerful Diesel Engine, Forced InductionAudi Q7 V12 TDI
40.8%
Tallest Production Car1904-1909 FIAT 60 HP
36.7%
Most Powerful Petrol Engine, Forced InductionKoenigsegg One:1
32.7%
Highest kW/HP per liter, BiofuelKoenigsegg One:1
32.7%
Most Expensive Production CarKoenigsegg CCXR Trevita
32.7%
Lowest Production Car1956-1958 Lotus Eleven
26.5%
Highest Torque, Forced Induction Petrol2012 Hennessey Venom GT
26.5%
Widest Production Car1954 Chrysler Crown Imperial
24.5%
Lightest Current Production CarAriel Atom
24.5%
Smallest Engine, Current Production Car2008 Tata Nano
24.5%
Highest kW/HP per liter, N/A Petrol2009 Ariel Atom 500
24.5%
Highest kW/HP per liter, Forced Induction Petrol2014 Mitsubishi Lancer Evolution X FQ-440 MR
24.5%
Longest Production Car2016 Mercedes-Maybach Pullman
22.4%
Lowest Current Production CarCaterham 7 CSR
18.4%
Heaviest Pickup TruckInternational XT
14.3%
Most Powerful Electric Motor2015 Rimac Concept One
10.2%
Largest Engine, Limited Production CarBrutus
4.1%
Largest Engine, Production Car1912-1918 Pierce-Arrow Model 6-66 Raceabout, 1912-1914 Peerless Model 6-60
2%
Narrowest Current Production Carskei cars
0%
Least Expensive Production Car1922 Briggs & Stratton Flyer
0%

You're not logged in!

Compare scores with friends on all Sporcle quizzes.
OR
Log In

You Might Also Like...

Show Comments

Extras

Top Quizzes Today


Score Distribution

Your Account Isn't Verified!

In order to create a playlist on Sporcle, you need to verify the email address you used during registration. Go to your Sporcle Settings to finish the process.

Report this User

Report this user for behavior that violates our Community Guidelines.

Details: